00600nam a22002177a 450000500170000001000130001702000230003003500130005303700160006604000120008208200160009410000210011024500440013125000120017526000450018727000470023230000250027950000430030465000220034765000130036920170124110204.0 aA-998984 c195.00a8120316479 aA-998984 bCen Lib/Ret aDPLbEN a004.67bKAS aKasser, Barbara  aUsing the internet /cby Barbara Kasser a4th ed  aNew DelhibPrentice Hall of India c1998 bNew DelhiaM-97, Connaught circus e110001 axix, 521p.c21cm(Hb) aIncludes glossary, appendix and index  aComputer science  aInternet